1418 1544 1821 1713 1560 1705 1977 1396 1868 1962 1539 1975 1009 1960 1853 1896 1711 1067 1295 1822 1256 1420 1032 1881 1740 1518 1713 1533 1524 1205 1870 1647 1541 1111 1494 1691 1459 1982 1928 1392 1705 1947 1403 1140 1973 1303 1447 1422 1664 1825 1467 1908 1627 1419 1752 1222 1721 1876 1648 1050 1362 1463 1305 1798 1419 1127 1137 1813 1924 1319 1042 1133 1711 1888 1024 1980 1293 1196 1327 1567 1616 1632 1729 1518 1677 1328 1379 1482 1469 1448 1308 1880 1870 1200 1070 1942 1461 1440 1018 BCNSPRNW ULIB Ver.6.0+V

เปลี่ยนเป็นภาษาไทย

Change to English
 แสดงรายละเอียดบรรณานุกรม
  กลับหน้าหลัก

Brief Record : Get Marc (ISO 2709) : E-mail record : QR code < ปิดหน้าต่าง
LEADER : 00000nam 2200000uu 4500
001    13399128598
003     ULIB
008    230912s2564||||th 000 0 tha d
020    ^a9786164262126
060 04 ^aWS285^bก978ร
100 0  ^aไกลตา ศรีสิงห์
245 10 ^aโรคติดเชื้อระบบทางเดินหายใจในเด็ก =^bRespiratory tractinfection in children /^cไกลตา ศรีสิงห์, ศรัญญา ศรีจันท์ทองศิริ
246 31 ^aRespiratory tract infection in children
250    ^aพิมพ์ครั้งที่ 1
260    ^aพิษณุโลก :^bสำนักพิมพ์มหาวิทยาลัยนเรศวร,^c2564
300    ^a406 หน้า :^bภาพประกอบ ;^c21 ซม.
504    ^aมีบรรณานุกรมและดัชนี
505 0  ^aความรู้พื้นฐานระบบทางเดินหายใจ --พัฒนาการและกายวิภาคของระบบทางเดินหายใจ --ระบบไหลเวียนเลือดของทารกในและนอกครรภ์ --สรีรวิทยาของระบบทางเดินหายใจ -- การควบคุมการหายใจ --โรคติดเชื้อทางเดินหายใจส่วนบน -- โรคหวัด -- โรคคออักเสบ --โรคไซนัสอักเสบเฉียบพลัน -- โรคหูชั้นกลางอักเสบเฉียบพลัน -- ฝีหลังคอหอย-- โรคติดเชื้อทางเดินหายใจส่วนล่าง -- โรคไวรัสครูพ --โรคฝาปิดกล่องเสียงอักเสบ -- โรคหลอดลมคออักเสบจากเชื้อแบคทีเรีย --โรคหลอดลมอักเสบ -- โรคหลอดลมฝอยอักเสบเฉียบพลัน -- โรคปอดบวม --โรคเสียงวี้ดเฉียบพลันที่เกิดร่มกับการติดเชื้อไวรัสของทางเดินหายใจ --โรคปอดบวมในผู้ป่วยภูมิคุ้มกันบกพร่อง -- วัณโรคในเด็ก --การรักษาวัณโรคดื้อยาในเด็ก --โรคปอดบวมที่สัมพันธ์กับการใส่เครื่องช่วยหายใจ -- โรคพยาธิใบไม้ปอด
650  4 ^aทางเดินอากาศหายใจ, การติดเชื้อ^xในวัยทารกและเด็ก
650  4 ^aทางเดินหายใจ^xโรค
650  4 ^aเด็ก
700 0  ^aศรัญญา ศรีจันท์ทองศิริ
945    ^p420^l0^i29822
945    ^p420^l0^i29847
945    ^p420^l0^i29848
999    ^aกัณชพร จุลอักษร
รายการนี้ยังไม่มีแท็ก
คุณยังไม่ได้ล็อกอิน คุณสามารถมีกิจกรรมร่วมกับเว็บไซต์ได้ แต่ต้องล็อกอินก่อน ::
  ล็อกอิน

รายการสื่อสารสนเทศ

ลำดับที่ ประเภท เลขเรียก/บาร์โค้ด สถานที่ สถานะ
1. วิทยาศาสตร์การแพทย์ และสุขภาพ
วิทยาศาสตร์การแพทย์ และสุขภาพ
WS285 ก978ร ฉ.1 
  Barcode: 29822
ห้องสมุดวิทยาเขตนครสวรรค์
►หนังสือทั่วไป:l:General Books
บนชั้น
2. วิทยาศาสตร์การแพทย์ และสุขภาพ
วิทยาศาสตร์การแพทย์ และสุขภาพ
WS285 ก978ร ฉ.2 
  Barcode: 29847
ห้องสมุดวิทยาเขตนครสวรรค์
►หนังสือทั่วไป:l:General Books
บนชั้น
3. วิทยาศาสตร์การแพทย์ และสุขภาพ
วิทยาศาสตร์การแพทย์ และสุขภาพ
WS285 ก978ร ฉ.3 
  Barcode: 29848
ห้องสมุดวิทยาเขตนครสวรรค์
►หนังสือทั่วไป:l:General Books
บนชั้น

รายการใกล้เคียง
    ผู้แต่ง [ไกลตา ศรีสิงห์]

    หัวเรื่อง [เด็ก]

BibComment


ยังไม่เคยถูกคอมเมนท์

คอมเมนท์ทรัพยากรรายการนี้
  คอมเมนท์: โรคติดเชื้อระบบท..


 Copyright 2026. Bcnsprnw @Library